00275nam a2200109Ia 4500008004100000100002100041245004400062260002100106650001400127942000700141999001700148190216s9999||||xx |||||||||||||| ||und|| aShankara Kurup G 0aMalayalam-Umarkhayyamum Mattu Kavikalum bAmina Book Stall aMalayalam cBK c25128d25128